| 000 | 00915cam a2200277 i 4500 | ||
|---|---|---|---|
| 001 | 30314 | ||
| 003 | Mx-PuUPA | ||
| 005 | 20260423112849.0 | ||
| 008 | 140415s2008 mx gr 001 0 spa d | ||
| 020 | _a9789682481499 | ||
| 040 |
_aMX-PuUPA _bspa _erda _cMx-PuUPA _dMx-PuUPA |
||
| 041 | 0 | _aspa | |
| 100 | 1 |
_aPimentel Jiménez, Héctor, _eautor _95012 |
|
| 245 | 1 | 0 |
_aNormas de auditoría generalmente aceptadas : _bsignificado, alcance y limitaciones / _cHéctor Pimentel Jiménez |
| 250 |
_aPrimera edición / _benero |
||
| 264 | 1 |
_aMéxico, D. F. : _bEditorial Trillas, _c2008 |
|
| 300 |
_a86 páginas ; _c23 cm |
||
| 336 |
_atexto _2rdacontent _btxt |
||
| 337 |
_asin medio _2rdamedia _bn |
||
| 338 |
_avolumen _2rdacarrier _bnc |
||
| 650 | 7 |
_2armarc _aAuditoría |
|
| 650 | 7 |
_2armarc _aAuditoría _xNormas |
|
| 942 |
_2ddc _cLI _h657.45 _iP64 |
||
| 999 |
_c30314 _d30314 |
||